5HLuxD.jpg

KING HENRY VIII SENIOR AND PRIMARY SCHOOL LIBRARY OPAC

Plants / (Record no. 1892)

000 -LEADER
fixed length control field 01008nam a2200265 i 4500
003 - CONTROL NUMBER IDENTIFIER
control field OSt
005 - DATE AND TIME OF LATEST TRANSACTION
control field 20230215082526.0
008 - FIXED-LENGTH DATA ELEMENTS--GENERAL INFORMATION
fixed length control field 170530s2017 dcuao j 000 0 eng d
020 ## - INTERNATIONAL STANDARD BOOK NUMBER
International Standard Book Number 9781426326943
040 ## - CATALOGING SOURCE
Original cataloging agency DNAL/DLC
Language of cataloging eng
Transcribing agency DNAL
Description conventions rda
Modifying agency CaOL
-- KH8
082 ## - DEWEY DECIMAL CLASSIFICATION NUMBER
Classification number 581 WIL
100 1# - MAIN ENTRY--PERSONAL NAME
Personal name Williams, Kathryn
Fuller form of name (Kathryn Marie),
Relator term author.
245 10 - TITLE STATEMENT
Title Plants /
Statement of responsibility, etc. Kathryn Williams.
264 #1 - PRODUCTION, PUBLICATION, DISTRIBUTION, MANUFACTURE, AND COPYRIGHT NOTICE
Place of production, publication, distribution, manufacture Washington, D.C. :
Name of producer, publisher, distributor, manufacturer National Geographic Kids,
Date of production, publication, distribution, manufacture, or copyright notice [2017]
300 ## - PHYSICAL DESCRIPTION
Extent 48 pages :
Other physical details colour illustrations.
336 ## - CONTENT TYPE
Content type term text
Source rdacontent.
336 ## - CONTENT TYPE
Content type term still image
Source rdacontent.
337 ## - MEDIA TYPE
Media type term unmediated
Source rdamedia.
338 ## - CARRIER TYPE
Carrier type term volume
Source rdacarrier.
490 1# - SERIES STATEMENT
Series statement National Geographic kids readers, Pre-reader, ready to read.
520 ## - SUMMARY, ETC.
Summary, etc. Introduces plants, including information on how to identify them, where they can be found, and how they benefit humans and animals.
650 #0 - SUBJECT ADDED ENTRY--TOPICAL TERM
Topical term or geographic name entry element Plants
Form subdivision Juvenile literature
-- Pictorial works.
830 #0 - SERIES ADDED ENTRY--UNIFORM TITLE
Uniform title National geographic kids readers.
Number of part/section of a work Pre-reader.
942 ## - ADDED ENTRY ELEMENTS (KOHA)
Source of classification or shelving scheme
Koha item type Books - Non Ficton
Holdings
Withdrawn status Lost status Source of classification or shelving scheme Damaged status Not for loan Collection code Permanent Location Current Location Shelving location Date acquired Total Checkouts Full call number Barcode Date due Date last seen Date last checked out Price effective from Koha item type
          Non-Fiction KH8 Primary School Library KH8 Primary School Library Non Fiction 2023-02-15 3 581 WIL KHPL000003621 2023-09-19 2023-09-08 2023-09-08 2023-02-15 Books - Non Ficton

Powered By KH8 IT Dept